| 000 | 01079cam a22002771i 4500 | ||
|---|---|---|---|
| 003 | SA-RiAUC | ||
| 005 | 20240914103801.0 | ||
| 008 | 240910s1988 ua g b 00000 ara c | ||
| 040 |
_aSA-RiAUC _bara _cSA-RiAUC _erda |
||
| 043 | _aa-ye--- | ||
| 082 | 0 | 4 |
_a245.09532 _qSA-RiAUC |
| 082 | 0 | 4 |
_a953.3 _bس ي د |
| 090 |
_a953.3 _bس ي د |
||
| 100 | 1 |
_aسيد، أيمن فؤاد، _d1949- _eمؤلف. |
|
| 245 | 1 | 0 |
_aتاريخ المذاهب الدينية في بلاد اليمن حتى نهاية القرن السادس الهجري / _cأيمن فؤاد سيد. |
| 250 | _aالطبعة الأولى. | ||
| 264 | 1 |
_aالقاهرة : _bالدار المصرية اللبنانية، _c1988 |
|
| 300 |
_a314 صفحة ؛ _c24 سم |
||
| 336 |
_aنص _btxt _2rdacontent _3كتاب |
||
| 337 |
_aبدون وسيط _bn _2rdamedia |
||
| 338 |
_aمجلد _bnc _2rdacarrier |
||
| 504 | _aببليوجرافية : صفحة 295-314. | ||
| 650 | 7 |
_aالفرق الإسلامية _zاليمن _xتاريخ _2aucsh |
|
| 942 |
_2ddc _cBOOK |
||
| 949 |
_aSA-JeALM _d240910 _umohamedma123 _n1 |
||
| 999 |
_c176 _d176 |
||